Call of Duty "Thing your a boss" QUIZ - Statistics

General Stats
  • This quiz has been taken 846 times
  • The average score is 6 of 15
Answer Stats
Hint Answer % Correct
What is the official next Call of Duty game? Call of Duty Ghosts
80%
What do you call it when a sniper very quickly aims and shoots? Quick-Scope
68%
How many Call of Duty games are there made? 9 Call of Duty games
62%
Who is the main villain in Call of Duty: Black ops 2? Raul Menendez
57%
Who is the main villain in the Modern Warfare series? Vladimir Makarov
54%
Which Modern Warfare 2 mission was "banned" in certain countries? No Russian
52%
Which famous landmark "falls" in Call of Duty: Modern Warfare 3? Eiffel Tower
41%
What is the full name of Captain.Price? John Price
40%
How many points do you need to get the Swarm scorestreak 1900 points
37%
Which Call of Duty game was the top favorite of Call of Duty fans? Call of Duty: World at War
36%
Who is the main "playable" character in Call of Duty: Black ops 2? David Mason
34%
What is the full name of "Ghost"? Simon "Ghost" Riley
27%
By who was Call of Duty: Finest Hour developed by? Spark Unlimited
4%
What is the most used weapon in Call of Duty: Black ops 2 Multiplayer? SMG's
2%
Which main character gets shot by another main character in Call of Duty: Black ops 2? Woods shoots Mason
1%
No matching quizzes found
Score Distribution
Percent of People with Each Score
Percentile by Number Answered
Your Score History
You have not taken this quiz